|
|
|
|
| LEADER |
00000nam0a2200000 4500 |
| 001 |
354747 |
| 005 |
20231102010725.0 |
| 035 |
|
|
|a (RuTPU)RU\TPU\retro\12006
|
| 090 |
|
|
|a 354747
|
| 100 |
|
|
|a 20200625d1972 m y0rusy50 ca
|
| 101 |
0 |
|
|a rus
|
| 102 |
|
|
|a RU
|
| 105 |
|
|
|a a j 001zy
|
| 200 |
1 |
|
|a Расчет импульсных устройств
|e пособие по курсовому проектированию
|f О. Г. Антонов
|g Северо-Западный заочный политехнический институт
|
| 210 |
|
|
|a Ленинград
|c [Б. и.]
|d 1972
|
| 215 |
|
|
|a 104 с.
|c ил.
|
| 320 |
|
|
|a Библиогр.: с. 104
|
| 606 |
1 |
|
|a Импульсные устройства
|2 stltpush
|3 (RuTPU)RU\TPU\subj\12449
|9 39229
|
| 610 |
1 |
|
|a импульсы
|
| 610 |
1 |
|
|a формирование
|
| 610 |
1 |
|
|a преобразование
|
| 610 |
1 |
|
|a схемы
|
| 610 |
1 |
|
|a расчет
|
| 610 |
1 |
|
|a генераторы прямоугольных импульсов
|
| 610 |
1 |
|
|a мультивибраторы
|
| 610 |
1 |
|
|a триггеры
|
| 610 |
1 |
|
|a блокинг-генераторы
|
| 610 |
1 |
|
|a генераторы пилообразного напряжения
|
| 610 |
1 |
|
|a курсовое проектирование
|
| 610 |
1 |
|
|a пособия
|
| 675 |
|
|
|a 621.374(075.8)
|v 4
|
| 700 |
|
1 |
|a Антонов
|b О. Г.
|g Олег Гурьевич
|
| 712 |
0 |
2 |
|a Северо-Западный заочный политехнический институт
|c (Ленинград)
|2 stltpush
|3 (RuTPU)RU\TPU\col\2602
|9 23712
|
| 801 |
|
1 |
|a RU
|b 63413507
|c 20200625
|
| 801 |
|
2 |
|a RU
|b 63413507
|c 20201216
|g RCR
|
| 942 |
|
|
|c BK
|